000 00402 a2200169 4500
001 17602
020 _a9788572087667
040 _cAnchieta - Bela Vista
100 _aMattos, Neide Simões de
240 1 0 _aDisfarces dos animais
_l
245 1 0 _aDisfarces dos animais
300 _a15
362 0 _a2012
440 1 _aFormato Editorial
650 4 _aCiências naturais e matemática
942 _cBK
999 _c17602
_d17602